Complete conditioning for basketball: (Record no. 45610)

MARC details
000 -LEADER
fixed length control field 00781nam a22002057a 4500
005 - DATE AND TIME OF LATEST TRANSACTION
control field 20100914113827.0
020 ## - INTERNATIONAL STANDARD BOOK NUMBER
International Standard Book Number 9780736057844
Terms of availability 1176.00
037 ## - SOURCE OF ACQUISITION
Source of stock number/acquisition UBH
082 ## - DEWEY DECIMAL CLASSIFICATION NUMBER
Classification number 796.323
245 ## - TITLE STATEMENT
Title Complete conditioning for basketball:
Remainder of title natinal basketball conditioning coaches associatiion /
Statement of responsibility, etc edited by Bill Poran (and) Robin Pound
260 ## - PUBLICATION, DISTRIBUTION, ETC. (IMPRINT)
Place of publication, distribution, etc Champaign
Name of publisher, distributor, etc Human Kinetics
Date of publication, distribution, etc 2007
270 ## - ADDRESS
Address P.O. Box, 5076,
City Champaign
300 ## - PHYSICAL DESCRIPTION
Extent x, 205p.
Other physical details photos
Dimensions 25cm(pbk)
Accompanying material CD-ROM
500 ## - GENERAL NOTE
General note Includes index
700 ## - ADDED ENTRY--PERSONAL NAME
Personal name Poran, Bill
9 (RLIN) 19913
700 ## - ADDED ENTRY--PERSONAL NAME
Personal name Pound, Robin
9 (RLIN) 19914
942 ## - ADDED ENTRY ELEMENTS (KOHA)
Source of classification or shelving scheme Dewey Decimal Classification
Item type English Books
Classification part 796.323
Call number suffix COM
Holdings
Withdrawn status Lost status Not for loan Collection code Home library Current library Date acquired Cost, normal purchase price Full call number Copy number Cost, replacement price Koha item type
    Ordered Non-fiction Andrews Gunj Andrews Gunj 14/09/2010 1176.00 796.323 COM 1 1176.00 English Books

© Delhi Public Library
Hit Counter
free hit counter